País por foto de su líder #1 - Estadísticas

Estadísticas generales
  • Esta prueba ha sido intentada 201 veces
  • La puntuación promedio es 11 de 16
Estadísticas de respuestas
Imagen Respuesta % Correcto
Rusia
100%
Estados Unidos
92%
China
91%
Arabia Saudita
88%
Francia
88%
España
81%
Japón
79%
Brasil
75%
India
73%
Canadá
68%
Irán
66%
Reino Unido
58%
Alemania
52%
Turquía
47%
México
43%
Egipto
37%
No se encontraron pruebas coincidentes
Distribución de puntuación
Porcentaje de gente con cada puntuación
Porcentaje por número respondido
Historial de tus puntuaciones
No has intentado esta prueba.